Electrónica digital integrada
Uloženo v:
| Hlavní autoři: | , |
|---|---|
| Médium: | Kniha |
| Jazyk: | španělština |
| Vydáno: |
Barcelona
Marcombo, Boixareu
1984
|
| Témata: | |
| Tagy: |
Přidat tag
Žádné tagy, Buďte první, kdo vytvoří štítek k tomuto záznamu!
|
MARC
| LEADER | 00000nam a2200000 a 4500 | ||
|---|---|---|---|
| 001 | UCV6156 | ||
| 003 | CL-VaPUC | ||
| 008 | 890607e19840000SP |||||||||||||||||spa|d | ||
| 082 | 0 | 4 | |a 621.381 |b TAU |2 21 |
| 100 | 0 | |a Taub, Herbert |e author |9 300400 | |
| 700 | 0 | |a Schilling, Donald L |e author |9 300401 | |
| 245 | 1 | 0 | |a Electrónica digital integrada |
| 300 | |a 618 p | ||
| 942 | |c BK | ||
| 945 | |d 19890607 00:00:00 | ||
| 260 | |a Barcelona |b Marcombo, Boixareu |c 1984 | ||
| 650 | 0 | |a Electrónica digital |9 263160 | |
| 650 | 0 | |a Circuitos lógicos |9 263161 | |
| 583 | |a last modification |c 19890607 00:00:00 |k Rodrigo Vera | ||
| 999 | |c 212375 |d 212373 | ||
| 952 | |0 0 |1 0 |2 ddc |4 0 |6 621_381000000000000_TAU_1984 |7 0 |8 A |9 193276 |a BIBING |b BIBING |c RES |d 2019-11-14 |i 2609754 |o 621.381 TAU 1984 |p 2609754 |r 2025-01-20 |w 2019-11-14 |y BK |k EIE | ||